| 000 | 00482nam a2200193Ia 4500 | ||
|---|---|---|---|
| 008 | 170918s9999 xx 000 0 und d | ||
| 020 | _a590101374 | ||
| 050 | _bB243 1975 | ||
| 100 | _aBarchas, Sarah E. | ||
| 245 | _aI was walking down the road / | ||
| 245 | _cSarah E. Barchas ; pictures by Jack Kent. | ||
| 260 | _aNew York : | ||
| 260 | _bScholastic, | ||
| 260 | _c1975 | ||
| 300 | _aunpaged : | ||
| 300 | _bcolored illustration ; | ||
| 300 | _c15cm. | ||
| 500 | _aBR | ||
| 999 |
_c340929 _d340929 |
||